<?xml version="1.0" encoding="UTF-8"?>
<record
    xmlns:xsi="http://www.w3.org/2001/XMLSchema-instance"
    xsi:schemaLocation="http://www.loc.gov/MARC21/slim http://www.loc.gov/standards/marcxml/schema/MARC21slim.xsd"
    xmlns="http://www.loc.gov/MARC21/slim">

  <leader>01147nam0a2200277   4500</leader>
  <controlfield tag="001">RU\NLR\BIBL_A\011485898</controlfield>
  <controlfield tag="005">20250626074848.0</controlfield>
  <datafield tag="035" ind1=" " ind2=" ">
    <subfield code="a">(NLR Aleph) 011485898</subfield>
  </datafield>
  <datafield tag="090" ind1=" " ind2=" ">
    <subfield code="a">11919838</subfield>
    <subfield code="c">11919838</subfield>
  </datafield>
  <datafield tag="100" ind1=" " ind2=" ">
    <subfield code="a">20170929d1933    |||y0rusy50      ca</subfield>
  </datafield>
  <datafield tag="101" ind1="0" ind2=" ">
    <subfield code="a">che</subfield>
  </datafield>
  <datafield tag="102" ind1=" " ind2=" ">
    <subfield code="a">RU</subfield>
  </datafield>
  <datafield tag="105" ind1=" " ind2=" ">
    <subfield code="a">y   z   000 y</subfield>
  </datafield>
  <datafield tag="200" ind1="1" ind2=" ">
    <subfield code="a">&#x41E;&#x43A;&#x442;&#x430;&#x44C;&#x431;&#x440;&#x430;&#x43D; &#x440;&#x435;&#x432;&#x43E;&#x43B;&#x443;&#x44C;&#x446;&#x438;&#x439; &#x44F;&#x43B;&#x445;&#x438;&#x439;&#x442;&#x442;&#x430;&#x440;&#x430; &#x44F;&#x43B;&#x430;&#x440;&#x430;&#x43D; &#x445;&#x44C;&#x43E;&#x43A;&#x44A;&#x435;&#x445;&#x44C; &#x434;&#x43E;&#x43A;&#x43B;&#x430;&#x434;&#x430;&#x448; &#x439;&#x435;&#x446;&#x443;&#x448;&#x43D;&#x430; &#x442;&#x435;&#x437;&#x438;&#x441;&#x430;&#x448;</subfield>
    <subfield code="f">&#x412;&#x41A;&#x41F;(&#x431;)-&#x43D; &#x41D;&#x43E;&#x445;&#x447;&#x43E;&#x431;&#x43A;&#x43E;&#x43C;&#x430;&#x43D; &#x41A;&#x443;&#x43B;&#x44C;&#x442;&#x43F;&#x440;&#x43E;&#x43F;</subfield>
    <subfield code="g">&#x433;&#x43E;&#x447;&#x434;&#x438;&#x43D;&#x430;&#x440;&#x433; &#x411;. &#x41A;&#x443;&#x440;&#x443;&#x43C;&#x43E;&#x432;&#x430;</subfield>
  </datafield>
  <datafield tag="210" ind1=" " ind2=" ">
    <subfield code="a">&#x421;&#x43E;&#x44C;&#x43B;&#x436;&#x430;-&#x413;I&#x430;&#x43B;&#x430;</subfield>
    <subfield code="c">&#x41D;&#x43E;&#x445;&#x447;&#x43F;&#x430;&#x440;&#x442;&#x437;&#x43E;&#x440;&#x431;</subfield>
    <subfield code="d">1933</subfield>
  </datafield>
  <datafield tag="215" ind1=" " ind2=" ">
    <subfield code="a">7,[1] &#x441;.</subfield>
    <subfield code="d">18</subfield>
  </datafield>
  <datafield tag="300" ind1=" " ind2=" ">
    <subfield code="a">&#x41B;&#x430;&#x442;&#x438;&#x43D;. &#x433;&#x440;&#x430;&#x444;&#x438;&#x43A;&#x430;</subfield>
  </datafield>
  <datafield tag="541" ind1="1" ind2=" ">
    <subfield code="a">&#x422;&#x435;&#x437;&#x438;&#x441;&#x44B; &#x434;&#x43B;&#x44F; &#x434;&#x43E;&#x43A;&#x43B;&#x430;&#x434;&#x447;&#x438;&#x43A;&#x43E;&#x432; &#x43A; XVI &#x433;&#x43E;&#x434;&#x43E;&#x432;&#x449;&#x438;&#x43D;&#x435; &#x41E;&#x43A;&#x442;&#x44F;&#x431;&#x440;&#x44F;</subfield>
    <subfield code="z">rus</subfield>
  </datafield>
  <datafield tag="606" ind1="1" ind2=" ">
    <subfield code="a">&#x412;&#x435;&#x43B;&#x438;&#x43A;&#x430;&#x44F; &#x41E;&#x43A;&#x442;&#x44F;&#x431;&#x440;&#x44C;&#x441;&#x43A;&#x430;&#x44F; &#x441;&#x43E;&#x446;&#x438;&#x430;&#x43B;&#x438;&#x441;&#x442;&#x438;&#x447;&#x435;&#x441;&#x43A;&#x430;&#x44F; &#x440;&#x435;&#x432;&#x43E;&#x43B;&#x44E;&#x446;&#x438;&#x44F;</subfield>
    <subfield code="z">1917</subfield>
    <subfield code="9">912483</subfield>
    <subfield code="3">RU\NLR\AUTH\6613825</subfield>
  </datafield>
  <datafield tag="686" ind1="1" ind2=" ">
    <subfield code="a">&#x424;61(2)5</subfield>
  </datafield>
  <datafield tag="686" ind1="1" ind2=" ">
    <subfield code="a">&#x422;2(2)711</subfield>
  </datafield>
  <datafield tag="852" ind1=" " ind2=" ">
    <subfield code="a">NLR</subfield>
    <subfield code="b">&#x41E;&#x41D;&#x41B;</subfield>
    <subfield code="j">&#x427;&#x435;&#x447;./2-96</subfield>
  </datafield>
  <datafield tag="852" ind1=" " ind2=" ">
    <subfield code="a">NLR</subfield>
    <subfield code="b">&#x41E;&#x41D;&#x41B;</subfield>
    <subfield code="j">&#x427;&#x435;&#x447;./2-96</subfield>
  </datafield>
  <datafield tag="942" ind1=" " ind2=" ">
    <subfield code="c">BOOK</subfield>
  </datafield>
  <datafield tag="980" ind1=" " ind2=" ">
    <subfield code="a">NB</subfield>
  </datafield>
  <datafield tag="995" ind1=" " ind2=" ">
    <subfield code="5">2017-09-29</subfield>
    <subfield code="b">NLR01</subfield>
    <subfield code="c">NLR01</subfield>
    <subfield code="e">ONL</subfield>
    <subfield code="f">1-1450226</subfield>
    <subfield code="k">&#x41E;&#x41D;&#x41B; &#x427;&#x435;&#x447;./2-96</subfield>
    <subfield code="o">0</subfield>
    <subfield code="r">BOOK</subfield>
    <subfield code="s">_296</subfield>
  </datafield>
  <datafield tag="995" ind1=" " ind2=" ">
    <subfield code="5">2020-11-05</subfield>
    <subfield code="a">au</subfield>
    <subfield code="b">NLR01</subfield>
    <subfield code="c">NLR01</subfield>
    <subfield code="e">ONL</subfield>
    <subfield code="f">1-2425893</subfield>
    <subfield code="k">&#x41E;&#x41D;&#x41B; &#x427;&#x435;&#x447;./2-96</subfield>
    <subfield code="o">0</subfield>
    <subfield code="r">BOOK</subfield>
    <subfield code="s">_296</subfield>
  </datafield>
</record>
